Normal view
MARC view
- Buell, Victor P.
Entry Personal Name
001 - CONTROL NUMBER
- control field: 7283
003 - CONTROL NUMBER IDENTIFIER
- control field: OSt
005 - DATE AND TIME OF LATEST TRANSACTION
- control field: 20170523151644.0
008 - FIXED-LENGTH DATA ELEMENTS
- fixed length control field: 170523|| aca||aabn | a|a d
040 ## - CATALOGING SOURCE
- Original cataloging agency: OSt
- Transcribing agency: OSt
100 ## - HEADING--PERSONAL NAME
- Personal name: Buell, Victor P.
670 ## - SOURCE DATA FOUND
- Source citation: Work cat.: (OSt)0: Buell, Victor P., Marketing management :, 1984

PORTAL AKMAL
E-MEL JKDM
AKMAL2U
G-BAM
u-PUSTAKA